Breaking Bad Characters - Statistics

General Stats
  • This quiz has been taken 31 times
  • The average score is 8 of 12
Answer Stats
Picture Answer % Correct
Walter White
100%
Walter White Jr.
100%
Jesse Pinkman
89%
Gus Fring
74%
Saul Goodman
74%
Skyler White
70%
Hank Schrader
63%
Hector Salamanca
63%
Mike Ehrmantraut
41%
Todd Alquist
33%
Gale Boetticher
30%
Jane Margolis
30%
No matching quizzes found
Score Distribution
Percent of People with Each Score
Percentile by Number Answered
Your Score History
You have not taken this quiz